000
00212 a2200097 4500
001
46419
100
_a
Brunt, D
245
_a
Weather Study
260
_a
London
_b
Thomas Nelson and Sons
_c
090
_c
29527
_d
29527
942
_a
NUST-CAE
_c
M
_c
21699
999
_c
281492
_d
281492